Ensiklopedia minda pelajar [

Bibliographic Details
Format: Book
Published: Melaka : Associated Educational Distributors (M) Sdn Bhd , 1998
Subjects:

MARC

LEADER 00000cam a2200000 7i4500
001 0000022391
002 000024246
005 20000330.0
090 0 0 |a 030   |b ENS 
245 0 0 |a Ensiklopedia minda pelajar [  |h CD-ROM] 
260 |a Melaka :   |b Associated Educational Distributors (M) Sdn Bhd ,   |c 1998 
300 |a 2 CD-ROM 
650 0 0 |a Curiositics and wonders   |x Audio visual materials 
650 0 0 |a Student's encylopedias and dictionaries   |x Audio visual 
999 |a CDR00577   |b CD-ROM   |c RUJUKAN   |e PERPUSTAKAAN KOMUNITI PETALING JAYA 
999 |a CDR00578   |b CD-ROM   |c RUJUKAN   |e PERPUSTAKAAN KOMUNITI PETALING JAYA